Joueurs passés par l'AC Milan - Mort subite - Statistiques

Statistiques générales
  • Ce quiz a été pris 1 847 fois
  • Le résultat moyen est 10 sur 23
Answers on the Grid
Answers color-coded by a green-red scale on the quiz's grid according to % correct below.
Ronaldinho
Zlatan Ibrahimovic
Angel Di Maria
Carlos Bacca
Robinho
Adriano
Romelu Lukaku
Mauro Icardi
Andrea Pirlo
David Trezeguet
Zinédine Zidane
Yoann Gourcuff
Adil Rami
Patrick Vieira
Lucas Ocampos
Taye Taiwo
Gerard Deulofeu
Manuel Locatelli
Adel Taarabt
Michael Essien
Gonzalo Higuain
Divock Origi
Mario Mandzukic
Alvaro Morata
Kévin -Prince Boateng
Paul Pogba
Miralem Pjanic
Carlos Tevez
Ciro Immobile
Javier Zanetti
Alexis Sanchez
Stephan El Shaarawy
Samuel Eto'o
Carlo Ancelotti
Paolo Maldini
Pedro
Lucas Hernandez
Claudio Bravo
Cristian Tello
Bojan Krkić
 
Statistiques - réponses
Réponse % Correct
Zlatan Ibrahimovic
78%
Paolo Maldini
74%
Ronaldinho
68%
Andrea Pirlo
67%
Carlo Ancelotti
59%
Alvaro Morata
57%
Stephan El Shaarawy
57%
Robinho
54%
Kévin -Prince Boateng
52%
Adil Rami
51%
Divock Origi
48%
Yoann Gourcuff
47%
Carlos Bacca
38%
Gonzalo Higuain
36%
Mario Mandzukic
35%
Gerard Deulofeu
34%
Adel Taarabt
33%
Patrick Vieira
28%
Bojan Krkić
26%
Manuel Locatelli
26%
Michael Essien
26%
Taye Taiwo
26%
Lucas Ocampos
19%
Aucun quiz correspondant
Distribution des résultats
% des personnes avec chaque résultat
Percentile par nombre de réponses
Votre historique - résultats
Vous n’avez pas pris ce quiz